000 00406nam a22001697a 4500
005 20180203153807.0
008 160629b xxu||||| |||| 00| 0 eng d
020 _a978-81-89757-70-0
041 _aeng
082 _b12539
_a005.133
100 _aJha S.K
_93216
245 _aProgramming in C
260 _bKatson
_c2008
_anew delhi
300 _a520
650 _aInformation Technology
_9137
942 _cBK
999 _c4726
_d4724